000 00318nam a22001217a 4500
008 160426b xxu||||| |||| 00| 0 eng d
020 _a9780781777926
020 _a100781777926
041 _aeng
080 _a618.2
245 _aNursing diagnosis:
_cVirginia Arcangelo; Susan Bohnenkaup; Tere Bryant;
942 _2udc
_cBK
999 _c1590
_d1590